000 00327nam a2200133Ia 4500
005 20260328101516.0
008 260328s9999||||xx |||||||||||||| ||und||
100 _aGuarnati, Daria
245 0 _aEspressione di Gio Ponti /
_cDaria Guarnati
260 _bAria D' Italia
300 _a150 p.
650 _aARQUITECTOS
942 _cBK
999 _c9376
_d9376